00468 2200193 4500001002100000005001500021008004100036020002200077035001900099041000700118082000800125090001400133100001900147245002100166260002400187300003000211500001100241650002200252INLIS00000000000325520241224112705241224||||||||| | ||| |||| || |  a978-602-242-182-5 0010-1224003255 aid0 a813 a813 NEL t0 aNelfi Syafrina00aTeror Hantu Ungu bMizan Pustakac2013 a120 hlm. : ilus. ; 219 cm aCet. 2 0aIlmu Kesusastraan